000 00718nam a2200205 i 4500
001 80611
003 ES-MaACL
005 20260318063015.0
007 t|
008 041028s1987 sp ||||1| spa d
020 _a84-397-1156-5
100 1 _aHoffmann, Ernst T. A.
_d1776-1822
_9242917
245 1 3 _aEl Cascanueces y el Rey de los Ratones /
_cE.T.A. Hoffmann ; traducción de Carmen Bravo-Villasante ; con láminas por Francisco Meléndez.
260 _aMadrid :
_bMondadori España,
_c1987.
300 _a94 p. :
_bil. ;
_c25 cm.
700 1 _aBravo-Villasante, Carmen,
_d1918-1994
_931507
700 1 _aMeléndez, Francisco.
_979910
852 _aES-MaACL
_jL-12879
_bR.114908
999 _c80611
_d80611